000 00476nam a2200193Ia 4500
008 151121s9999||||xx |||||||||||||| ||und||
082 _a291।61 /BIA
082 _bHNW-68375
100 _aBlavatsky H। P।
245 _aFive Messages
260 _b"Theosophy Co।Ltd।, Bombay।"
260 _c--
300 _a32
600 _aBlavatsky H। P।
630 _aFive Messages
700 _aBlavatsky H। P।
730 _aFive Messages
942 _cBOOK
999 _c1249869
_d1249866